[Event "Moscow Smyslov-D"]
[Site "Moscow"]
[Date "2025.06.07"]
[Round "6"]
[White "Plekhanov, Nikita"]
[Black "Tregubenko, Vladimir Fed"]
[Result "1-0"]
[WhiteElo "1557"]
[BlackElo "1474"]
[PlyCount "67"]
[EventDate "2025.06.02"]
[EventType "swiss"]
[EventRounds "8"]
[EventCountry "RUS"]
[SourceTitle "CB29_2025"]
[SourceDate "2025.07.16"]
[SourceVersion "1"]
[SourceVersionDate "2025.07.16"]
[SourceQuality "1"]

1. d4 d5 2. c4 e6 3. Nc3 Nf6 4. e3 a6 5. cxd5 exd5 6. Nf3 Bf5 7. Be2 Nc6 8. a3 Ne4 9. Qb3 Nxc3 10. bxc3 b5 11. a4 b4 12. Bd2 Rb8 13. Bxa6 Na5 14. Qa2 b3 15. Qb2 Qd6 16. Be2 Qg6 17. Nh4 Qg5 18. Nxf5 Qxf5 19. 0-0 Bd6 20. Rfc1 Nc4 21. Bxc4 dxc4 22. e4 Qh5 23. e5 Be7 24. a5 Qe2 25. Re1 Qd3 26. Ra4 Qc2 27. Qxc2 bxc2 28. Ra2 Rb1 29. Rxc2 Rxe1+ 30. Bxe1 0-0 31. Ra2 Ra8 32. Ra4 Bd8 33. Kf1 c5 34. a6 1-0

[Event "Moscow Smyslov-D"]
[Site "Moscow"]
[Date "2025.06.02"]
[Round "1"]
[White "Novikov, Arseny"]
[Black "Plekhanov, Nikita"]
[Result "0-1"]
[WhiteElo "1467"]
[BlackElo "1557"]
[PlyCount "48"]
[EventDate "2025.06.02"]
[EventType "swiss"]
[EventRounds "8"]
[EventCountry "RUS"]
[SourceTitle "CB29_2025"]
[SourceDate "2025.07.16"]
[SourceVersion "1"]
[SourceVersionDate "2025.07.16"]
[SourceQuality "1"]

1. d4 Nf6 2. c4 e6 3. Nf3 d5 4. e3 c6 5. Bd2 Be7 6. Nc3 Nbd7 7. c5 b6 8. b4 a5 9. a3 0-0 10. Bd3 Qc7 11. 0-0 bxc5 12. bxc5 e5 13. Bc2 Re8 14. Na4 e4 15. Ne1 Ba6 16. Nb6 Nxb6 17. Bxa5 Nfd7 18. cxb6 Qb7 19. Qd2 Bxf1 20. Ba4 Bb5 21. Bxb5 cxb5 22. Rb1 Qa6 23. b7 Qxb7 24. a4 b4 0-1